00862nam a22002415i 4500001000700000003000900007005001700016008004100033080001000074080001000084100003000094245005400124250001200178260003300190300004700223490005200270651002700322651003000349830006000379852003900439999001900478952012300497178006ES-MaACL20260209164052.0110512s1963 sp f |||| | spa d a94(6) a94(5)1 aSerrano, Ramón.913267810aAfroasia b: el tercer mundo / cRamón Serrano. a1ª ed. aBarcelona : bSayma, c1963. a270, [16] p. de lám. bl. y n. ; c19 cm.1 aPanoramas A-Z. La universidad en su mano ; v20 4aAsia-xHistoria.97827 4aÁfrica-xHistoria975950 aPanoramas A-Z. La universidad en su mano ; v209190680 aES-MaACLjE-15075 xOlim P-269-bis c178006d178006 00104070aATENEOMbATENEOMcDEPO2d2011-05-12eDONl0oE-15075p1186998r2023-02-23 00:00:00w2023-02-23yMONOGRAFIA